| 000 | 00487nam a2200181 a 4500 | ||
|---|---|---|---|
| 001 | 2948 | ||
| 005 | 20140414132016.0 | ||
| 008 | 051130s19uu xx 00 eng d | ||
| 020 | _a81-7655-063-9 | ||
| 050 |
_aTR _bB11 2001 |
||
| 100 | _aDeshmukh, Devaki | ||
| 245 |
_aThe bag of treasures / _cwritten by Devaki Deshmukh. |
||
| 260 |
_aNew York : _bScholastic India, _c2001. |
||
| 300 | _a1 v. p. ; cm. | ||
| 650 |
_aLosts _xFiction. |
||
| 650 | _aChildren stories. | ||
| 999 |
_c113368 _d113368 |
||